[Event "Kent league"]
[Site "?"]
[Date "1989.10.03"]
[Round "?"]
[White "Tottman, M."]
[Black "Stebbings, A."]
[Result "1/2-1/2"]
[WhiteElo "2000"]
[BlackElo "2240"]
[PlyCount "71"]
[EventDate "1989.??.??"]

1. b4 c6 2. Bb2 a5 3. bxa5 Qxa5 4. c4 d5 5. e3 Nf6 6. Nf3 Nbd7 7. Be2 e6 8. O-O
Bd6 9. d4 O-O 10. Nbd2 b6 11. Ne5 Bb7 12. f4 Qa4 13. Qe1 Qc2 14. c5 Qxb2 15.
cxd6 Qa3 16. Rf3 Qxd6 17. Bd3 c5 18. g4 Ne4 19. Rh3 Nxe5 20. dxe5 Qe7 21. g5 f5
22. exf6 gxf6 23. g6 hxg6 24. Qh4 Qg7 25. Nf3 Ra3 26. Rd1 Bc6 27. Bxe4 dxe4 28.
Rd6 exf3 29. Rxc6 Rd8 30. Rc7 Rd1+ 31. Kf2 Rxa2+ 32. Kxf3 Rf1+ 33. Kg3 Rg1+ 34.
Kf3 Rf1+ 35. Kg3 Rg1+ 36. Kf3 1/2-1/2

[Event "London league"]
[Site "?"]
[Date "1989.10.09"]
[Round "?"]
[White "Stebbings, A."]
[Black "Pein, M."]
[Result "0-1"]
[WhiteElo "2240"]
[BlackElo "2376"]
[PlyCount "46"]
[EventDate "1989.??.??"]

1. d4 g6 2. e4 d6 3. c4 Bg7 4. Nc3 Nf6 5. f3 Nc6 6. d5 Ne5 7. f4 Ned7 8. Nf3 c6
9. Bd3 O-O 10. O-O Nc5 11. Bc2 cxd5 12. exd5 e6 13. Rb1 exd5 14. cxd5 Re8 15.
Re1 Rxe1+ 16. Qxe1 Bg4 17. Qg3 Qd7 18. Bd2 Bf5 19. Bxf5 Qxf5 20. Nd4 Qh5 21.
Qg5 Nfe4 22. Nxe4 Bxd4+ 23. Nf2 Bxf2+ 0-1

[Event "County match"]
[Site "?"]
[Date "1989.10.14"]
[Round "?"]
[White "Sedgwick, D."]
[Black "Stebbings, A."]
[Result "0-1"]
[WhiteElo "2080"]
[BlackElo "2240"]
[PlyCount "80"]
[EventDate "1989.??.??"]

1. e4 c5 2. c3 Nf6 3. e5 Nd5 4. d4 cxd4 5. cxd4 d6 6. Nf3 e6 7. Nc3 Nxc3 8.
bxc3 Qc7 9. Bd2 Nc6 10. exd6 Bxd6 11. Bd3 O-O 12. O-O e5 13. d5 Ne7 14. c4 f5
15. Ng5 e4 16. Be2 Bxh2+ 17. Kh1 Be5 18. Rc1 h6 19. f4 hxg5 20. fxe5 Qxe5 21.
Bc3 Qd6 22. Qd4 Qh6+ 23. Kg1 Bd7 24. c5 Rae8 25. Bc4 Ng6 26. d6+ Kh7 27. Kf2
Qh4+ 28. Ke2 Qg4+ 29. Kd2 e3+ 30. Kc2 Qxd4 31. Bxd4 Ne5 32. Bd5 Nc6 33. Bc3 f4
34. Rce1 Rf5 35. Bc4 Rxc5 36. Rh1+ Kg6 37. Bd3+ Bf5 38. d7 Bxd3+ 39. Kxd3 Rd8
40. g3 Rxd7+ 0-1

[Event "London league"]
[Site "?"]
[Date "1989.10.30"]
[Round "?"]
[White "Stebbings, A."]
[Black "Upton, T."]
[Result "1/2-1/2"]
[WhiteElo "2240"]
[BlackElo "2304"]
[PlyCount "61"]
[EventDate "1989.??.??"]

1. d4 d5 2. c4 e6 3. Nc3 Be7 4. Nf3 Nf6 5. Bg5 O-O 6. e3 h6 7. Bh4 b6 8. cxd5
exd5 9. Be2 Bb7 10. Bxf6 Bxf6 11. Qb3 Re8 12. Rd1 c6 13. O-O Nd7 14. Rfe1 Nf8
15. Bd3 Ne6 16. Bf5 g6 17. Bxe6 Rxe6 18. e4 dxe4 19. Nxe4 Bg7 20. Ne5 Qe7 21.
f4 Rd8 22. Ng3 Bxe5 23. dxe5 c5 24. Ne4 Bxe4 25. Rxe4 Qc7 26. Ree1 Rxd1 27.
Rxd1 c4 28. Qc3 Qc5+ 29. Qd4 Qxd4+ 30. Rxd4 Rc6 31. Rd7 1/2-1/2

[Event "County match"]
[Site "?"]
[Date "1989.11.04"]
[Round "?"]
[White "Stebbings, A."]
[Black "Rutherford, L."]
[Result "1-0"]
[WhiteElo "2240"]
[BlackElo "2184"]
[PlyCount "45"]
[EventDate "1989.??.??"]

1. e4 c5 2. Nf3 e6 3. d4 cxd4 4. Nxd4 Nf6 5. Nc3 d6 6. f4 a6 7. Be3 b5 8. Qf3
Bb7 9. Bd3 b4 10. Nce2 Nbd7 11. g4 Nc5 12. Ng3 Nfd7 13. O-O g6 14. a3 bxa3 15.
Rxa3 Bg7 16. b4 Nxd3 17. cxd3 O-O 18. f5 Qh4 19. Qe2 Ne5 20. fxe6 Nxg4 21.
exf7+ Rxf7 22. Rxf7 Kxf7 23. Nf3 1-0

[Event "Banks match"]
[Site "London"]
[Date "1989.11.06"]
[Round "?"]
[White "Pelling, T."]
[Black "Stebbings, A."]
[Result "1/2-1/2"]
[WhiteElo "2128"]
[BlackElo "2240"]
[PlyCount "48"]
[EventDate "1989.??.??"]

1. Nf3 d5 2. g3 c6 3. b3 Bg4 4. Bb2 Nd7 5. Bg2 e6 6. O-O Ngf6 7. d3 Bd6 8. c4
O-O 9. Nbd2 Qe7 10. Qc2 e5 11. Rae1 Ba3 12. h3 Bxf3 13. exf3 Bxb2 14. Qxb2 Qd6
15. Re2 Rfe8 16. Rfe1 Kf8 17. d4 exd4 18. Rxe8+ Rxe8 19. Rxe8+ Kxe8 20. Qxd4 b6
21. f4 Qc5 22. Qe3+ Qxe3 23. fxe3 Nc5 24. g4 Ke7 1/2-1/2

[Event "National Club ch."]
[Site "?"]
[Date "1989.11.12"]
[Round "?"]
[White "Sachs, J."]
[Black "Stebbings, A."]
[Result "0-1"]
[WhiteElo "1992"]
[BlackElo "2240"]
[PlyCount "62"]
[EventDate "1989.??.??"]

1. e4 c5 2. Nf3 e6 3. d3 Nc6 4. g3 d5 5. Nbd2 Bd6 6. Bg2 Nge7 7. O-O O-O 8. Re1
Bc7 9. c3 dxe4 10. dxe4 b6 11. e5 Ba6 12. Qa4 Bd3 13. Ng5 Qd7 14. Qh4 Bxe5 15.
f4 Bf6 16. Nde4 Bxg5 17. fxg5 Rad8 18. Nf2 Bg6 19. Bf4 Rfe8 20. g4 Nd5 21. Rad1
Qc8 22. Bc1 Qc7 23. Nd3 c4 24. Nf2 Qb8 25. Ne4 Ne5 26. Nf6+ gxf6 27. gxf6 Qc7
28. Bxd5 Rxd5 29. Qh6 Qc5+ 30. Be3 Qf8 31. Qf4 Nd3 0-1

[Event "Kent league"]
[Site "?"]
[Date "1989.11.15"]
[Round "?"]
[White "Johnson, J."]
[Black "Stebbings, A."]
[Result "1/2-1/2"]
[WhiteElo "2200"]
[BlackElo "2240"]
[PlyCount "72"]
[EventDate "1989.??.??"]

1. Nf3 d5 2. d4 c6 3. b3 Bg4 4. h3 Bh5 5. Bb2 Nd7 6. Nbd2 e6 7. e3 Bd6 8. Be2
f5 9. g4 fxg4 10. Ne5 Nxe5 11. dxe5 Bc5 12. hxg4 Bg6 13. Nf3 Qa5+ 14. Qd2 Qxd2+
15. Kxd2 Ne7 16. Bd4 Bb4+ 17. c3 Ba3 18. c4 dxc4 19. Bxc4 c5 20. Bc3 O-O-O+ 21.
Ke2 Nd5 22. Bxd5 Rxd5 23. Rad1 Be4 24. Rxd5 Bxd5 25. Rh2 h6 26. Ne1 Bb4 27.
Bxb4 cxb4 28. Nd3 a5 29. g5 Kd7 30. e4 Bc6 31. Ke3 Ke7 32. f4 Bb5 33. f5 Bxd3
34. f6+ Kf7 35. gxh6 gxf6 36. Kxd3 fxe5 1/2-1/2

[Event "Kent league"]
[Site "?"]
[Date "1989.11.21"]
[Round "?"]
[White "Stebbings, A."]
[Black "Robertson, M."]
[Result "1-0"]
[WhiteElo "2240"]
[BlackElo "2032"]
[PlyCount "47"]
[EventDate "1989.??.??"]

1. e4 c5 2. Nf3 e6 3. d4 cxd4 4. Nxd4 Nf6 5. Nc3 d6 6. f4 Nc6 7. Be3 Be7 8. Qf3
e5 9. Nxc6 bxc6 10. f5 O-O 11. O-O-O Bb7 12. Bc4 Qa5 13. g4 Rfd8 14. g5 Nxe4
15. Nxe4 d5 16. f6 Bb4 17. fxg7 dxc4 18. Nf6+ Kxg7 19. Qh5 Kf8 20. Nxh7+ Ke7
21. g6 f6 22. Qh4 Rf8 23. Nxf8 Qxa2 24. Qh7+ 1-0

[Event "London league"]
[Site "?"]
[Date "1989.11.22"]
[Round "?"]
[White "Stebbings, A."]
[Black "Franklin, M."]
[Result "1-0"]
[WhiteElo "2240"]
[BlackElo "2256"]
[PlyCount "75"]
[EventDate "1989.??.??"]

1. d4 Nf6 2. c4 e6 3. Nc3 Bb4 4. e3 O-O 5. Nge2 d6 6. a3 Bxc3+ 7. Nxc3 Nbd7 8.
Be2 e5 9. e4 exd4 10. Qxd4 Nc5 11. Rb1 Nb3 12. Qe3 Nxc1 13. Rxc1 Re8 14. O-O
Bd7 15. Qd4 Bc6 16. f3 Nd7 17. b4 b6 18. Bd3 a5 19. Ra1 Ne5 20. Bc2 Qf6 21. Kh1
Qe6 22. Nd5 Bxd5 23. cxd5 Qf6 24. Ba4 Re7 25. Bb5 axb4 26. axb4 Rxa1 27. Rxa1
g5 28. Rf1 h5 29. g3 Nd7 30. Qe3 Nf8 31. f4 Nh7 32. Bd3 Kg7 33. Re1 g4 34. e5
dxe5 35. fxe5 Qg5 36. Qd4 Qd2 37. Rf1 Kh6 38. e6 1-0

[Event "County match"]
[Site "?"]
[Date "1989.12.02"]
[Round "?"]
[White "Stebbings, A."]
[Black "Knott, S."]
[Result "1-0"]
[WhiteElo "2240"]
[BlackElo "2304"]
[PlyCount "80"]
[EventDate "1989.??.??"]

1. e4 e6 2. d4 d5 3. Nd2 Nf6 4. e5 Nfd7 5. f4 c5 6. c3 cxd4 7. cxd4 Nc6 8. Ndf3
f5 9. Bd3 Nb6 10. Ne2 Bd7 11. a3 a5 12. O-O Be7 13. h3 a4 14. g4 Na5 15. gxf5
exf5 16. Nc3 O-O 17. Qe2 Be6 18. Bd2 Nbc4 19. Be1 b5 20. Na2 Nb3 21. Rd1 Qb6
22. Bb1 Ra7 23. Bb4 h6 24. Kh2 Bxb4 25. Nxb4 g6 26. Rg1 Rg7 27. Qf2 Qd8 28. h4
Kf7 29. Rg3 Rfg8 30. Rdg1 Qd7 31. Nd3 Qe7 32. Bc2 Nba5 33. Bb1 Nb7 34. R1g2 Ke8
35. Qg1 Qf7 36. Kh1 Kf8 37. Kh2 Ke8 38. Kh1 Kf8 39. Rh2 Ke8 40. Bc2 Nca5 1-0

[Event "London league"]
[Site "?"]
[Date "1989.12.04"]
[Round "?"]
[White "Stebbings, A."]
[Black "Sugden, J."]
[Result "1-0"]
[WhiteElo "2240"]
[BlackElo "2200"]
[PlyCount "45"]
[EventDate "1989.??.??"]

1. d4 Nf6 2. c4 c5 3. Nf3 cxd4 4. Nxd4 e6 5. Nc3 Bb4 6. g3 O-O 7. Bg2 d5 8.
cxd5 Nxd5 9. Bd2 Nxc3 10. bxc3 Be7 11. Rb1 e5 12. Rxb7 Bxb7 13. Bxb7 exd4 14.
Bxa8 dxc3 15. Bxc3 Qc7 16. Qb3 Na6 17. Be4 Rc8 18. Bd2 Qe5 19. Bb1 Bb4 20. O-O
Bxd2 21. Qd3 Ba5 22. Qxh7+ Kf8 23. Qh8+ 1-0

[Event "London league"]
[Site "?"]
[Date "1990.01.03"]
[Round "?"]
[White "Stebbings, A."]
[Black "Large, P."]
[Result "1/2-1/2"]
[WhiteElo "2240"]
[BlackElo "2392"]
[PlyCount "125"]
[EventDate "1990.??.??"]

1. d4 e6 2. c4 Nf6 3. Nc3 Bb4 4. e3 O-O 5. Nge2 Re8 6. a3 Bf8 7. d5 d6 8. g3
Nbd7 9. Bg2 Ne5 10. b3 exd5 11. cxd5 Bg4 12. h3 Bf3 13. O-O c5 14. Bxf3 Nxf3+
15. Kg2 Ne5 16. Ra2 a6 17. Bb2 b5 18. Ba1 Qd7 19. f3 a5 20. e4 b4 21. Nb1 Qb5
22. a4 Qa6 23. Nd2 Nfd7 24. Rc2 f5 25. exf5 Qd3 26. Nf4 Qxf5 27. Ne6 Rac8 28.
Nc4 Nxc4 29. bxc4 Nb6 30. Rc1 Rxe6 31. dxe6 Qxe6 32. Re1 Qf7 33. Re4 Re8 34.
Qe2 Rxe4 35. Qxe4 d5 36. cxd5 Qxd5 37. Qe2 c4 38. Rd1 Qc6 39. Be5 c3 40. Rd8
Qe6 41. Qe4 Nd7 42. Bxc3 Qa2+ 43. Kf1 bxc3 44. Rxd7 c2 45. Qf4 Qe6 46. Rd8
Qxh3+ 47. Ke2 Qg2+ 48. Kd3 c1=N+ 49. Qxc1 Qxf3+ 50. Kd2 Qf2+ 51. Kd1 Qf1+ 52.
Kd2 Qf2+ 53. Kd1 Qf1+ 54. Kd2 Qg2+ 55. Kd1 Qf3+ 56. Kd2 Qg2+ 57. Kd1 Qh1+ 58.
Kd2 Qh2+ 59. Kd1 Qh1+ 60. Kd2 Qe4 61. Qc2 Qg2+ 62. Kd1 Qf1+ 63. Kd2 1/2-1/2

[Event "Kent league"]
[Site "?"]
[Date "1990.01.10"]
[Round "?"]
[White "FosterJones, C."]
[Black "Stebbings, A."]
[Result "0-1"]
[WhiteElo "1504"]
[BlackElo "2240"]
[PlyCount "80"]
[EventDate "1990.??.??"]

1. d4 Nf6 2. c4 e6 3. Nc3 Bb4 4. a3 Bxc3+ 5. bxc3 b6 6. d5 Bb7 7. Bg5 h6 8.
Bxf6 Qxf6 9. Qd3 exd5 10. cxd5 Bxd5 11. e3 Bb7 12. Rc1 O-O 13. Ne2 d6 14. Nf4
Na6 15. Qd2 Nc5 16. Bc4 c6 17. O-O d5 18. Ba2 Ba6 19. Rfd1 Ne4 20. Qd4 Qh4 21.
Nh3 Bc8 22. f3 Bxh3 23. fxe4 Qg5 24. g3 dxe4 25. Re1 Rfe8 26. Qd2 Rad8 27. Qf2
Qf5 28. Qxf5 Bxf5 29. Rf1 Be6 30. Bb1 Bh3 31. Rf4 f5 32. Rf2 Rd6 33. a4 Red8
34. Rfc2 Rd1+ 35. Kf2 R8d2+ 36. Rxd2 Rxd2+ 37. Kg1 Rg2+ 38. Kh1 Re2 39. c4 c5
40. Kg1 Rxe3 0-1

[Event "County match"]
[Site "?"]
[Date "1990.01.20"]
[Round "?"]
[White "Watts, D."]
[Black "Stebbings, A."]
[Result "0-1"]
[WhiteElo "2088"]
[BlackElo "2240"]
[PlyCount "65"]
[EventDate "1990.??.??"]

1. e4 c5 2. Nf3 e6 3. d4 cxd4 4. Nxd4 Nc6 5. Nc3 Qc7 6. Be3 a6 7. f4 b5 8. Qf3
Bb7 9. O-O-O Nf6 10. Bd3 Na5 11. g4 Nc4 12. Bxc4 Qxc4 13. g5 b4 14. Rd3 bxc3
15. Rxc3 Qxa2 16. gxf6 gxf6 17. Rb3 Rb8 18. Ne2 Qa1+ 19. Kd2 Qa5+ 20. Nc3 Bc5
21. Ke2 Rg8 22. f5 Bxe3 23. Qxe3 Ke7 24. Rg1 Bc6 25. Rxb8 Rxb8 26. b3 Qe5 27.
Rg2 exf5 28. Rg7 Bxe4 29. Nxe4 fxe4 30. Rxh7 Rc8 31. Kd2 d5 32. Kc1 d4 33. Qh3
0-1

[Event "Kent league"]
[Site "?"]
[Date "1990.01.24"]
[Round "?"]
[White "Oliver, N."]
[Black "Stebbings, A."]
[Result "0-1"]
[WhiteElo "1984"]
[BlackElo "2240"]
[PlyCount "60"]
[EventDate "1990.??.??"]

1. e4 c5 2. Nf3 e6 3. d4 cxd4 4. Nxd4 Nc6 5. Nb5 d6 6. c4 Nf6 7. N5c3 Be7 8.
Be2 O-O 9. O-O b6 10. b3 Bb7 11. Bb2 a6 12. Na3 Qc7 13. Nc2 Rac8 14. f4 Rfd8
15. Ne3 Nb8 16. Bf3 b5 17. Qe1 b4 18. Na4 Nxe4 19. Ng4 f5 20. Nf2 d5 21. cxd5
exd5 22. Nd3 Nd7 23. Rc1 Qd6 24. Qe3 Bc6 25. Nb6 Nxb6 26. Qxb6 Bb5 27. Qd4 Bf6
28. Ne5 Bxf1 29. Qa7 Rxc1 30. Qf7+ Kh8 0-1

[Event "London league"]
[Site "?"]
[Date "1990.01.29"]
[Round "?"]
[White "Stebbings, A."]
[Black "Kett, T."]
[Result "1-0"]
[WhiteElo "2240"]
[BlackElo "2232"]
[PlyCount "57"]
[EventDate "1990.??.??"]

1. d4 c5 2. e3 Nf6 3. Nf3 d5 4. dxc5 Qa5+ 5. Nbd2 Qxc5 6. c4 dxc4 7. Bxc4 g6 8.
a3 Bg7 9. b4 Qb6 10. Qb3 O-O 11. Bb2 Nc6 12. Ng5 e6 13. O-O Bd7 14. Rfd1 Rad8
15. Bc3 Ne7 16. Qb2 Nh5 17. Bxg7 Nxg7 18. Nde4 Ne8 19. Nc5 Qc6 20. Rac1 Nc7 21.
Nge4 Ne8 22. Ba2 Nd5 23. Nxd7 Qxd7 24. Nc5 Qe7 25. e4 Nf4 26. Rxd8 Qxd8 27.
Nxb7 Qb6 28. Nc5 Nd3 29. Nxd3 1-0

[Event "London league"]
[Site "?"]
[Date "1990.02.12"]
[Round "?"]
[White "Carr, N."]
[Black "Stebbings, A."]
[Result "1-0"]
[WhiteElo "2376"]
[BlackElo "2240"]
[PlyCount "75"]
[EventDate "1990.??.??"]

1. e4 e6 2. d4 d5 3. Nd2 Nc6 4. Ngf3 Nf6 5. e5 Nd7 6. Nb3 a5 7. a4 Be7 8. Bb5
Ncb8 9. h4 h6 10. h5 b6 11. Rh3 c6 12. Bd3 Ba6 13. Rg3 Bf8 14. c3 Bxd3 15. Qxd3
Qc8 16. Nh2 Qa6 17. f4 Qxd3 18. Rxd3 Na6 19. Rf3 f6 20. Ng4 f5 21. Ne3 Be7 22.
Ke2 O-O 23. Bd2 Kh7 24. Rg1 Rg8 25. g4 g6 26. Rh3 fxg4 27. Nxg4 g5 28. Rhg3
gxf4 29. Bxf4 Raf8 30. Bxh6 Rf5 31. Be3 Rxh5 32. Nc1 Nc7 33. Nd3 Rh4 34. Nf4
Rg7 35. R3g2 Kh8 36. Nf6 Rxg2+ 37. Rxg2 Nxf6 38. exf6 1-0

[Event "Kent league"]
[Site "?"]
[Date "1990.02.13"]
[Round "?"]
[White "Stebbings, A."]
[Black "Wood, J."]
[Result "1-0"]
[WhiteElo "2240"]
[BlackElo "2072"]
[PlyCount "71"]
[EventDate "1990.??.??"]

1. e4 c6 2. d4 d5 3. exd5 cxd5 4. c4 Nf6 5. Nc3 e6 6. Nf3 Be7 7. cxd5 Nxd5 8.
Bd3 O-O 9. O-O b6 10. Nxd5 exd5 11. Qa4 Nd7 12. Bf4 Nf6 13. Rac1 Bd6 14. Qc6
Bxf4 15. Qxa8 Bxc1 16. Rxc1 Bg4 17. Qxd8 Rxd8 18. Ne5 Rc8 19. Rxc8+ Bxc8 20.
Nc6 Bd7 21. Nxa7 Kf8 22. f3 Ke7 23. Kf2 Ne8 24. Nb5 Bxb5 25. Bxb5 Nd6 26. Bd3
g6 27. Ke3 Ke6 28. a4 Nc4+ 29. Bxc4 dxc4 30. Kd2 f5 31. Kc3 Kd5 32. Kb4 Kxd4
33. Kb5 f4 34. Kxb6 Ke3 35. a5 Kf2 36. a6 1-0

[Event "London league"]
[Site "?"]
[Date "1990.02.22"]
[Round "?"]
[White "Stebbings, A."]
[Black "Anthony, G."]
[Result "1-0"]
[WhiteElo "2240"]
[BlackElo "2168"]
[PlyCount "89"]
[EventDate "1990.??.??"]

1. d4 Nf6 2. c4 g6 3. Nc3 Bg7 4. e4 d6 5. f3 Nc6 6. Be3 a6 7. Nge2 Rb8 8. Qd2
O-O 9. h4 h5 10. O-O-O b5 11. Bh6 e5 12. Bxg7 Kxg7 13. dxe5 Nxe5 14. cxb5 axb5
15. Nf4 Bd7 16. Be2 Bc6 17. Kb1 b4 18. Ncd5 Nxd5 19. Nxd5 Bxd5 20. Qxd5 Qf6 21.
g3 Qe6 22. f4 Qxd5 23. Rxd5 Nd7 24. e5 Nb6 25. Rb5 dxe5 26. Rxe5 Rfe8 27. Rc1
Rxe5 28. fxe5 Re8 29. Rc5 Nd7 30. Rxc7 Rxe5 31. Bxh5 Re1+ 32. Kc2 Ne5 33. Bd1
Rg1 34. a4 Rg2+ 35. Kb3 Nd3 36. Bc2 Ne1 37. a5 Rxg3+ 38. Kxb4 Rg2 39. Kb3 Rg3+
40. Rc3 Rg4 41. a6 Nxc2 42. Kxc2 Rxh4 43. a7 Rh8 44. Ra3 Ra8 45. b4 1-0

[Event "Kent league"]
[Site "?"]
[Date "1990.03.07"]
[Round "?"]
[White "Aiken, A."]
[Black "Stebbings, A."]
[Result "0-1"]
[WhiteElo "1792"]
[BlackElo "2240"]
[PlyCount "74"]
[EventDate "1990.??.??"]

1. e4 c5 2. Nc3 Nc6 3. g3 g6 4. Bg2 Bg7 5. d3 d6 6. Be3 e6 7. Nge2 Nd4 8. Rb1
Ne7 9. O-O O-O 10. a3 e5 11. h3 Be6 12. f4 Qd7 13. g4 f5 14. exf5 gxf5 15. g5
Rac8 16. Ng3 b5 17. h4 exf4 18. Bxf4 Ng6 19. Nh5 Nxh4 20. Nxg7 Kxg7 21. Bd5 b4
22. Qh5 Ng6 23. Bxe6 Qxe6 24. Rbe1 Nxf4 25. Rxe6 Nxh5 26. Re7+ Rf7 27. Nd5 Ng3
28. Rf2 Rxe7 29. Nxe7 Re8 30. Kg2 Rxe7 31. Kxg3 bxa3 32. bxa3 Re2 33. Rf1 Rxc2
34. Rb1 Rc3 35. Rb7+ Kg6 36. Rxa7 Rxd3+ 37. Kf2 Ne6 0-1

[Event "Eastman cup"]
[Site "London"]
[Date "1990.03.08"]
[Round "?"]
[White "Adams, J."]
[Black "Stebbings, A."]
[Result "1/2-1/2"]
[WhiteElo "2088"]
[BlackElo "2240"]
[PlyCount "48"]
[EventDate "1990.??.??"]

1. e4 c5 2. Nf3 e6 3. d3 Nc6 4. g3 d5 5. Nbd2 Bd6 6. Bg2 Nge7 7. O-O O-O 8. Nh4
Bd7 9. f4 f6 10. Ndf3 Qc7 11. b3 b5 12. Bb2 dxe4 13. dxe4 e5 14. fxe5 fxe5 15.
Nf5 Nd4 16. N3h4 b4 17. Qd2 Be6 18. Rad1 Rad8 19. Qg5 g6 20. Nxd6 Qxd6 21. Kh1
Kg7 22. Bc1 Ng8 23. Nf5+ Bxf5 24. exf5 h6 1/2-1/2

[Event "London league"]
[Site "?"]
[Date "1990.03.14"]
[Round "?"]
[White "Cooper, J."]
[Black "Stebbings, A."]
[Result "1/2-1/2"]
[WhiteElo "2368"]
[BlackElo "2240"]
[PlyCount "46"]
[EventDate "1990.??.??"]

1. Nf3 d5 2. d4 c6 3. c4 Nf6 4. Nc3 e6 5. cxd5 exd5 6. Bg5 Be7 7. Qc2 g6 8. e4
dxe4 9. Bxf6 Bxf6 10. Qxe4+ Qe7 11. Bc4 Bf5 12. Qxe7+ Kxe7 13. O-O Rd8 14.
Rfe1+ Kf8 15. h3 h5 16. Ne4 Bxe4 17. Rxe4 Nd7 18. Rf4 Nb6 19. Bxf7 Kxf7 20.
Ng5+ Kg7 21. Ne6+ Kf7 22. Ng5+ Kg7 23. Ne6+ Kf7 1/2-1/2

[Event "Kent league"]
[Site "?"]
[Date "1990.03.20"]
[Round "?"]
[White "Stebbings, A."]
[Black "McDonald, N."]
[Result "1/2-1/2"]
[WhiteElo "2240"]
[BlackElo "2320"]
[PlyCount "73"]
[EventDate "1990.??.??"]

1. e4 e6 2. d4 d5 3. Nd2 Nf6 4. e5 Nfd7 5. f4 c5 6. c3 Nc6 7. Ndf3 Qb6 8. g3
Be7 9. Kf2 cxd4 10. cxd4 a5 11. a4 Nb4 12. Ne2 Nb8 13. Nc3 N8c6 14. Be3 Qd8 15.
Kg2 b6 16. g4 Ba6 17. Bxa6 Rxa6 18. Qe2 Ra8 19. Rhf1 Qd7 20. Ng1 Rc8 21. Rf2
Qb7 22. f5 Nxe5 23. fxe6 O-O 24. exf7+ Nxf7 25. Bf4 Bh4 26. Rff1 Rfe8 27. Qb5
Nc2 28. Rad1 Rcd8 29. Nf3 Bf6 30. g5 Be7 31. g6 hxg6 32. Qd3 Nb4 33. Qxg6 Bf6
34. Bg5 Bxg5 35. Nxg5 Nxg5 36. Qxg5 Nc2 37. Rf3 1/2-1/2

[Event "Kent league"]
[Site "?"]
[Date "1990.03.28"]
[Round "?"]
[White "Davis, D."]
[Black "Stebbings, A."]
[Result "0-1"]
[WhiteElo "1896"]
[BlackElo "2240"]
[PlyCount "82"]
[EventDate "1990.??.??"]

1. e4 c5 2. c3 Nf6 3. e5 Nd5 4. d4 cxd4 5. cxd4 d6 6. Bc4 e6 7. Nf3 Be7 8. O-O
Nc6 9. Qe2 O-O 10. a3 Bd7 11. b4 Rc8 12. Bb2 a6 13. Nbd2 Nb6 14. Bb3 Na7 15.
Rfd1 Bb5 16. Qe3 Ba4 17. Rac1 Nd5 18. Qd3 Bxb3 19. Qxb3 Qd7 20. Nc4 Rfd8 21.
Ne3 Nxe3 22. Qxe3 dxe5 23. Nxe5 Qd5 24. Qf3 Qxf3 25. Nxf3 Nb5 26. Rxc8 Rxc8 27.
Rc1 Rxc1+ 28. Bxc1 a5 29. a4 Nc3 30. Bd2 Bxb4 31. Kf1 Nxa4 32. Bxb4 axb4 33.
Nd2 Nc3 34. Ke1 Kf8 35. Nb3 Nd5 36. Kd2 Ke7 37. Nc5 b6 38. Nd3 Kd6 39. Kc2 f6
40. Kb3 g5 41. Kc4 Kc6 0-1

[Event "London league"]
[Site "?"]
[Date "1990.04.18"]
[Round "?"]
[White "Stebbings, A."]
[Black "Blackwell, C."]
[Result "1/2-1/2"]
[WhiteElo "2240"]
[BlackElo "2272"]
[PlyCount "62"]
[EventDate "1990.??.??"]

1. d4 Nf6 2. c4 g6 3. Nc3 Bg7 4. e4 d6 5. f3 c6 6. Be3 a6 7. Bd3 Nbd7 8. Nge2
b5 9. cxb5 axb5 10. b4 O-O 11. O-O Nb6 12. a4 bxa4 13. Nxa4 Ba6 14. Bxa6 Rxa6
15. Qc2 Nxa4 16. Rxa4 Qb6 17. Rfa1 Rfa8 18. Kf2 Qb7 19. Nc3 Nd7 20. Qb3 Bf6 21.
Rxa6 Rxa6 22. Rxa6 Qxa6 23. b5 cxb5 24. Qxb5 Qxb5 25. Nxb5 h5 26. d5 Kf8 27.
Nd4 Ne5 28. Ke2 Ke8 29. Bf2 Nd7 30. Nc6 Ne5 31. Nxe5 Bxe5 1/2-1/2

[Event "Kent league"]
[Site "?"]
[Date "1990.04.29"]
[Round "?"]
[White "Stebbings, A."]
[Black "Eales, R."]
[Result "0-1"]
[WhiteElo "2240"]
[BlackElo "2264"]
[PlyCount "92"]
[EventDate "1990.??.??"]

1. d4 Nf6 2. c4 g6 3. Nc3 d5 4. Bf4 Bg7 5. e3 c5 6. dxc5 Qa5 7. Rc1 Ne4 8. cxd5
Nxc3 9. Qd2 Qxa2 10. bxc3 Qa5 11. Bc4 Nd7 12. Nf3 Qxc5 13. Ba2 O-O 14. e4 Nb6
15. Be3 Qa5 16. c4 Qxd2+ 17. Kxd2 Bg4 18. Nd4 Rfd8 19. c5 Nc8 20. f3 Bd7 21.
Ke2 a6 22. Rb1 Bb5+ 23. Kf2 Na7 24. Rhd1 Rac8 25. Bb3 Rc7 26. c6 bxc6 27. Nxb5
cxb5 28. Bb6 Rdc8 29. Bxc7 Rxc7 30. d6 exd6 31. Rxd6 Be5 32. Rxa6 b4 33. g3 Nb5
34. Bd5 Rc2+ 35. Ke3 Rc3+ 36. Kf2 Rc2+ 37. Kg1 Nd4 38. Rf1 b3 39. f4 Bd6 40. e5
Bc5 41. Kh1 b2 42. Be4 Rc1 43. Kg2 Nc2 44. Ra8+ Kg7 45. Bxc2 Rxc2+ 46. Kf3 Rc1
0-1

[Event "Eastman cup"]
[Site "London"]
[Date "1990.05.22"]
[Round "?"]
[White "Forster, M."]
[Black "Stebbings, A."]
[Result "0-1"]
[WhiteElo "2176"]
[BlackElo "2336"]
[PlyCount "72"]
[EventDate "1990.??.??"]

1. e4 c5 2. Nc3 Nc6 3. g3 g6 4. Bg2 Bg7 5. d3 d6 6. f4 e5 7. Nh3 Nge7 8. O-O
exf4 9. Nxf4 O-O 10. Be3 Rb8 11. Qd2 b5 12. Rab1 b4 13. Ncd5 Nxd5 14. Nxd5 Be6
15. Bh6 Bxh6 16. Qxh6 Bxd5 17. exd5 Ne5 18. Bh3 f5 19. Qd2 Qc7 20. Bg2 a5 21.
a3 bxa3 22. bxa3 a4 23. h3 Rxb1 24. Rxb1 Rb8 25. Qe1 h5 26. Kh2 Kg7 27. Rxb8
Qxb8 28. Qa5 Qe8 29. d4 cxd4 30. Qa7+ Kg8 31. Qxd4 Qb5 32. Qh4 Qc5 33. Qxa4 Qf2
34. Qb3 h4 35. gxh4 f4 36. Qb6 Qxb6 0-1

[Event "Tournament: Barbican Open"]
[Site "London"]
[Date "1990.10.05"]
[Round "?"]
[White "Stebbings, A."]
[Black "Barr, S."]
[Result "1-0"]
[WhiteElo "2336"]
[BlackElo "1832"]
[PlyCount "91"]
[EventDate "1990.??.??"]

1. e4 e6 2. d4 d5 3. Nd2 Nf6 4. e5 Nfd7 5. f4 c5 6. c3 Nc6 7. Ndf3 Qb6 8. g3 f6
9. Bh3 cxd4 10. cxd4 fxe5 11. fxe5 Bb4+ 12. Kf1 O-O 13. Kg2 Nd8 14. Ne2 Nb8 15.
Rf1 Nf7 16. Nf4 Be7 17. Rf2 Bd7 18. b3 a5 19. a4 Na6 20. Nxd5 exd5 21. Bxd7 Nc7
22. Ba3 Bxa3 23. Rxa3 Rad8 24. Bh3 Ne6 25. Qd2 h6 26. Bxe6 Qxe6 27. Ra2 b6 28.
Qd3 g5 29. Rac2 Nh8 30. Rc7 Ng6 31. Rfc2 g4 32. Ng5 hxg5 33. R2c6 Qf5 34. Rxg6+
Kh8 35. Qxf5 Rxf5 36. Rxb6 Rdf8 37. Rc2 Rf1 38. Rd6 Rb1 39. Rxd5 Rxb3 40. e6
Rb4 41. e7 Re8 42. Rd8 Rb8 43. Rxb8 Rxb8 44. d5 Kg7 45. Rf2 Re8 46. d6 1-0

[Event "Tournament: Barbican Open"]
[Site "London"]
[Date "1990.10.06"]
[Round "?"]
[White "Sagall, R."]
[Black "Stebbings, A."]
[Result "1/2-1/2"]
[WhiteElo "2040"]
[BlackElo "2336"]
[PlyCount "62"]
[EventDate "1990.??.??"]

1. Nf3 d5 2. d4 c6 3. c4 e6 4. Qc2 Nf6 5. Bg5 h6 6. Bh4 Bb4+ 7. Nbd2 Nbd7 8. a3
Be7 9. e3 O-O 10. Bd3 c5 11. O-O b6 12. cxd5 Nxd5 13. Bg3 Bb7 14. Nc4 cxd4 15.
exd4 N7f6 16. Qe2 Rc8 17. Nfe5 Re8 18. Rfe1 Bf8 19. Rad1 b5 20. Nd2 a6 21. Nb3
Qb6 22. Rc1 Ba8 23. h3 Be7 24. Qd2 Red8 25. Rc2 Bb7 26. Rec1 Kf8 27. Nc5 Ke8
28. Qe2 Ba8 29. Nxa6 Rxc2 30. Rxc2 b4 31. a4 Qxd4 1/2-1/2

[Event "Tournament: Barbican Open"]
[Site "London"]
[Date "1990.10.06"]
[Round "?"]
[White "Stebbings, A."]
[Black "Harari, Z."]
[Result "0-1"]
[WhiteElo "2336"]
[BlackElo "2096"]
[PlyCount "80"]
[EventDate "1990.??.??"]

1. e4 e5 2. Nf3 f5 3. Nxe5 Qf6 4. d4 d6 5. Nc4 fxe4 6. Nc3 Qg6 7. Bf4 Nf6 8.
Ne3 Be6 9. d5 Bd7 10. h3 Be7 11. Qd2 O-O 12. g4 Na6 13. Bxa6 bxa6 14. O-O-O
Nxg4 15. Nxg4 Bxg4 16. hxg4 Rxf4 17. Kb1 Rxg4 18. Qe2 Rf8 19. Rhe1 Rff4 20.
Qxa6 Rxf2 21. Qxa7 e3 22. Ne2 Rc4 23. Qb8+ Rf8 24. Qb3 Rc5 25. Nd4 Qe4 26. Ne6
e2 27. Rc1 Bh4 28. Nxf8 Bxe1 29. Ne6 Bb4 30. Nxc5 Bxc5 31. Qb8+ Kf7 32. Qxc7+
Kf6 33. Qa5 Bf2 34. Qc3+ Kg6 35. Re1 Bxe1 36. Qxe1 Qf3 37. Kc1 Qe3+ 38. Kb1 h5
39. c3 h4 40. Kc2 h3 0-1